000
00303nam a2200121Ia 4500
008
220204s9999 xx 000 0 und d
082
_a
677
_b
HES
100
_a
Hess, Katrarine Paddock
245
0
_a
Textile fibres and their use
250
_a
6
260
_a
New Delhi
_b
Oxford and IBH
_c
1966
942
_c
BK
999
_c
23879
_d
23879